Guess the Country in Africa - Statistics

General Stats
  • This quiz has been taken 101 times
  • The average score is 25 of 53
Answers on the Map
Answers color-coded by a green-red scale on the quiz's map according to % correct below.
 
Answer Stats
Answer % Correct
Egypt
80%
South Africa
78%
Madagascar
63%
Mali
63%
Algeria
61%
Chad
61%
Nigeria
57%
Democratic Republic of the Congo
54%
Kenya
54%
Lesotho
54%
Sudan
54%
Tanzania
54%
Angola
52%
Cape Verde
52%
Somalia
52%
South Sudan
52%
Burkina Faso
50%
Libya
50%
Mauritius
50%
Togo
50%
Mauritania
48%
Tunisia
48%
Botswana
46%
Central African Republic
46%
Ghana
46%
Morocco
46%
Mozambique
46%
Niger
46%
Seychelles
46%
Uganda
46%
Benin
43%
Djibouti
43%
Equatorial Guinea
43%
Eritrea
43%
Eswatini
43%
Namibia
43%
Senegal
43%
Ethiopia
41%
Republic of the Congo
41%
Cameroon
39%
Gabon
39%
Malawi
39%
Comoros
37%
Sao Tome and Principe
37%
Zambia
37%
Guinea-Bissau
35%
Burundi
33%
Guinea
33%
Rwanda
33%
Sierra Leone
33%
Ivory Coast
30%
Liberia
30%
Zimbabwe
30%
No matching quizzes found
Score Distribution
Percent of People with Each Score
Percentile by Number Answered
Your Score History
You have not taken this quiz